000 00442nam a2200169Ia 4500
001 29449
008 140415s9999 xx 000 0 und d
040 _cPK-LaUMT
082 _a 158.1
_bALF-M
100 _aAlfred Adler
245 _aMaqsad-e-zindhghi (Urdu)
_bwhat life should mean to you
260 _aLahore,Pakistan:
_bDaruttazkeer,
_c2005
300 _a310 p.
546 _aEN
700 _aSyed Muhammad Hussain Jafferi
942 _cBK
999 _c29521
_d29521